Schaum's outline of theory and porblems of statistics (Record no. 7820)

000 -LEADER
fixed length control field 00583nam a22002177a 4500
001 - CONTROL NUMBER
control field 7820
003 - CONTROL NUMBER IDENTIFIER
control field BD-DhUET
008 - FIXED-LENGTH DATA ELEMENTS--GENERAL INFORMATION
fixed length control field 141213b xxu||||| |||| 00| 0 eng d
020 ## - INTERNATIONAL STANDARD BOOK NUMBER
International Standard Book Number 070602271
020 ## - INTERNATIONAL STANDARD BOOK NUMBER
International Standard Book Number 0070990085
040 ## - CATALOGING SOURCE
Transcribing agency 0
Modifying agency BD-DhUET
082 ## - DEWEY DECIMAL CLASSIFICATION NUMBER
Classification number 519.9
Item number SPI/1961
100 ## - MAIN ENTRY--PERSONAL NAME
Personal name Spiegel, Murray R.
245 ## - TITLE STATEMENT
Title Schaum's outline of theory and porblems of statistics
Statement of responsibility, etc. in SI units
250 ## - EDITION STATEMENT
Edition statement 1st ed.
260 ## - PUBLICATION, DISTRIBUTION, ETC. (IMPRINT)
Place of publication, distribution, etc. New York
Name of publisher, distributor, etc. McGraw-Hill
Date of publication, distribution, etc. 1961
300 ## - PHYSICAL DESCRIPTION
Extent vii, 359p.
Other physical details ill.
Dimensions 35 cm.
490 ## - SERIES STATEMENT
Series statement Schau's outline series
650 #0 - SUBJECT ADDED ENTRY--TOPICAL TERM
Topical term or geographic name as entry element Statistical mathematics
942 ## - ADDED ENTRY ELEMENTS (KOHA)
Koha item type General Book
Holdings
Date acquired Copy number Source of classification or shelving scheme Piece designation (barcode) Koha item type Not for loan Location (home branch) Koha normalized classification for sorting Koha full call number Lost status Damaged status Sublocation or collection (holding branch) Shelving location Withdrawn status Koha date last seen Price effective from
2014-12-131 31835General Book Central Library, BUET519_900000000000000_SPI_1961519.9/SPI/1961  Central Library, BUETCirculation section 2014-12-132014-12-13
2014-12-132 31855General Book Central Library, BUET519_900000000000000_SPI_1961519.9/SPI/1961  Central Library, BUETCirculation section 2014-12-132014-12-13
2014-12-133 31842General Book Central Library, BUET519_900000000000000_SPI_1961519.9/SPI/1961  Central Library, BUETCirculation section 2014-12-132014-12-13
2014-12-134 31824General Book Central Library, BUET519_900000000000000_SPI_1961519.9/SPI/1961  Central Library, BUETCirculation section 2014-12-132014-12-13
2014-12-135 31814General Book Central Library, BUET519_900000000000000_SPI_1961519.9/SPI/1961  Central Library, BUETCirculation section 2014-12-132014-12-13
2014-12-136 31841General Book Central Library, BUET519_900000000000000_SPI_1961519.9/SPI/1961  Central Library, BUETCirculation section 2014-12-132014-12-13
2014-12-137 31818General Book Central Library, BUET519_900000000000000_SPI_1961519.9/SPI/1961  Central Library, BUETCirculation section 2014-12-132014-12-13
2014-12-138 31861General Book Central Library, BUET519_900000000000000_SPI_1961519.9/SPI/1961  Central Library, BUETCirculation section 2014-12-132014-12-13
2014-12-139 31823General Book Central Library, BUET519_900000000000000_SPI_1961519.9/SPI/1961  Central Library, BUETCirculation section 2014-12-132014-12-13
2014-12-1310 31862General Book Central Library, BUET519_900000000000000_SPI_1961519.9/SPI/1961  Central Library, BUETCirculation section 2014-12-132014-12-13
2014-12-1311 31856General Book Central Library, BUET519_900000000000000_SPI_1961519.9/SPI/1961  Central Library, BUETCirculation section 2014-12-132014-12-13
2015-07-0912 31387Reading Item Central Library, BUET519_900000000000000_SPI_1961519.9/SPI/1961  Central Library, BUETReading section 2015-07-092015-07-09